[Event "Blitz 2018"]
[Site "Saint-Petersburg"]
[Date "2018.12.30"]
[Round "14"]
[Board "55"]
[White "Gabrielian Artur (RUS)"]
[Black "Demidov Mikhail (RUS)"]
[Result "1/2-1/2"]
[LiveChessVersion "1.4.8"]
[BlackElo "2546"]
[WhiteElo "2562"]

1. e4 Nf6 2. e5 {[%clk 0:03:03]} Nd5 {[%clk 0:03:05]} 3. d4 {[%clk 0:03:03]} d6
{[%clk 0:03:07]} 4. Nf3 {[%clk 0:03:03]} Nb6 {[%clk 0:03:08]} 5. Be2
{[%clk 0:02:53]} g6 {[%clk 0:03:08]} 6. O-O Bg7 7. h3 {[%clk 0:02:48]} O-O
{[%clk 0:03:10]} 8. Nc3 {[%clk 0:02:46]} Nc6 {[%clk 0:03:11]} 9. Bf4
{[%clk 0:02:38]} dxe5 {[%clk 0:03:02]} 10. dxe5 {[%clk 0:02:36]} Qxd1
{[%clk 0:02:52]} 11. Rfxd1 {[%clk 0:02:36]} Bf5 {[%clk 0:02:53]} 12. g4
{[%clk 0:02:26]} Be6 {[%clk 0:02:47]} 13. b3 {[%clk 0:01:58]} a6 {[%clk 0:02:44]}
14. Bg3 {[%clk 0:01:57]} Rfd8 {[%clk 0:02:40]} 15. a3 {[%clk 0:01:50]} h6
{[%clk 0:02:33]} 16. Ne4 {[%clk 0:01:44]} Bd5 {[%clk 0:02:30]} 17. Nc3
{[%clk 0:01:41]} Be6 {[%clk 0:01:55]} 18. Rab1 {[%clk 0:01:41]} Nd7
{[%clk 0:01:42]} 19. Nd5 {[%clk 0:01:14]} Bxd5 {[%clk 0:01:41]} 20. Rxd5
{[%clk 0:01:14]} e6 {[%clk 0:01:42]} 21. Rdd1 {[%clk 0:01:11]} Ndxe5
{[%clk 0:01:43]} 22. Nxe5 {[%clk 0:01:09]} Bxe5 {[%clk 0:01:44]} 23. f4
{[%clk 0:01:09]} Bd6 {[%clk 0:01:34]} 24. Bh4 {[%clk 0:01:06]} Be7
{[%clk 0:01:31]} 25. Bxe7 Nxe7 {[%clk 0:01:31]} 26. Bf3 {[%clk 0:01:02]} c6
{[%clk 0:01:26]} 27. Kf2 {[%clk 0:01:00]} Kf8 {[%clk 0:01:27]} 28. Ke3
{[%clk 0:01:01]} Ke8 {[%clk 0:01:29]} 29. c4 {[%clk 0:01:01]} Rxd1
{[%clk 0:01:20]} 30. Rxd1 Rd8 31. Rxd8+ {[%clk 0:01:02]} Kxd8 {[%clk 0:01:23]}
32. Kd4 {[%clk 0:01:02]} f6 {[%clk 0:01:24]} 33. b4 {[%clk 0:01:00]} g5
{[%clk 0:01:20]} 34. fxg5 {[%clk 0:00:41]} hxg5 {[%clk 0:01:20]} 35. a4
{[%clk 0:00:42]} Kc7 {[%clk 0:01:14]} 36. Be2 {[%clk 0:00:42]} Ng6
{[%clk 0:01:03]} 37. a5 {[%clk 0:00:33]} Kd6 {[%clk 0:00:55]} 38. b5
{[%clk 0:00:33]} Nf4 {[%clk 0:00:37]} 39. Bf3 {[%clk 0:00:15]} c5+
{[%clk 0:00:07]} 40. Kc3 {[%clk 0:00:10]} Kc7 {[%clk 0:00:07]} 41. b6+
{[%clk 0:00:07]} Kc8 {[%clk 0:00:09]} 42. Kd2 {[%clk 0:00:08]} Nxh3
{[%clk 0:00:09]} 43. Ke3 {[%clk 0:00:09]} Nf4 {[%clk 0:00:10]} 44. Be4
{[%clk 0:00:09]} Kb8 {[%clk 0:00:09]} 45. Bh7 {[%clk 0:00:10]} Kc8
{[%clk 0:00:07]} 46. Be4 {[%clk 0:00:11]} Kb8 {[%clk 0:00:07]} 47. Bh7
{[%clk 0:00:12]} Nh3 {[%clk 0:00:07]} 48. Bg8 {[%clk 0:00:12]} Nf4
{[%clk 0:00:06]} 49. Bh7 {[%clk 0:00:13]} Kc8 {[%clk 0:00:07]} 50. Be4
{[%clk 0:03:02]} 1/2-1/2

[Event "Blitz 2018"]
[Site "Saint-Petersburg"]
[Date "2018.12.30"]
[Round "14"]
[Board "56"]
[White "Petrov Nikita (RUS)"]
[Black "Popov Ivan (RUS)"]
[Result "0-1"]
[LiveChessVersion "1.4.8"]
[BlackElo "2560"]
[WhiteElo "2468"]

1. e4 {[%clk 0:03:03]} c5 {[%clk 0:03:03]} 2. Nc3 {[%clk 0:03:03]} a6
{[%clk 0:03:05]} 3. g3 {[%clk 0:03:01]} b5 {[%clk 0:03:06]} 4. Bg2
{[%clk 0:03:01]} Bb7 {[%clk 0:03:07]} 5. Nge2 {[%clk 0:03:01]} e6
{[%clk 0:03:07]} 6. O-O {[%clk 0:03:01]} Nf6 {[%clk 0:03:01]} 7. d3
{[%clk 0:03:01]} b4 {[%clk 0:02:59]} 8. Nb1 {[%clk 0:03:02]} d5 {[%clk 0:03:00]}
9. exd5 {[%clk 0:02:55]} Bxd5 {[%clk 0:02:58]} 10. Nd2 {[%clk 0:02:46]} Bxg2
{[%clk 0:02:58]} 11. Kxg2 {[%clk 0:02:46]} Nc6 {[%clk 0:02:50]} 12. Nc4
{[%clk 0:02:46]} Be7 {[%clk 0:02:49]} 13. Be3 {[%clk 0:02:21]} Nd5
{[%clk 0:02:47]} 14. Nf4 {[%clk 0:02:14]} O-O {[%clk 0:02:38]} 15. Qf3
{[%clk 0:01:56]} Rc8 {[%clk 0:02:35]} 16. a3 {[%clk 0:01:44]} Nxf4+
{[%clk 0:02:19]} 17. Qxf4 {[%clk 0:01:44]} b3 {[%clk 0:02:17]} 18. cxb3
{[%clk 0:01:30]} Qxd3 {[%clk 0:02:17]} 19. Nd2 {[%clk 0:01:20]} Nd4
{[%clk 0:02:10]} 20. Rad1 {[%clk 0:00:58]} Nc2 {[%clk 0:01:40]} 21. Qe4
{[%clk 0:00:42]} Nxe3+ {[%clk 0:01:39]} 22. fxe3 {[%clk 0:00:39]} Rfd8
{[%clk 0:01:32]} 23. Qf3 {[%clk 0:00:37]} f6 {[%clk 0:01:11]} 24. Kg1
{[%clk 0:00:13]} Qd5 {[%clk 0:01:03]} 25. Qxd5 {[%clk 0:00:06]} Rxd5
{[%clk 0:00:57]} 26. Ne4 {[%clk 0:00:06]} Rb8 {[%clk 0:00:56]} 27. Rxd5
{[%clk 0:00:05]} exd5 {[%clk 0:00:57]} 28. Nc3 {[%clk 0:00:06]} Rxb3
{[%clk 0:00:47]} 29. Nxd5 {[%clk 0:00:06]} Bd6 {[%clk 0:00:49]} 30. Rf2
{[%clk 0:00:04]} Rd3 {[%clk 0:00:48]} 31. Nb6 {[%clk 0:00:03]} Rxe3
{[%clk 0:00:46]} 32. Nc4 {[%clk 0:00:04]} Re1+ {[%clk 0:00:47]} 33. Kg2
{[%clk 0:00:05]} Be7 {[%clk 0:00:44]} 34. Rd2 {[%clk 0:00:05]} Rc1
{[%clk 0:00:43]} 35. Ne3 {[%clk 0:00:07]} Kf7 {[%clk 0:00:38]} 36. Rd7
{[%clk 0:00:07]} Ke6 {[%clk 0:00:35]} 37. Ra7 {[%clk 0:00:08]} c4
{[%clk 0:00:30]} 38. Rxa6+ {[%clk 0:00:09]} Ke5 {[%clk 0:00:31]} 39. Kf3
{[%clk 0:00:07]} c3 {[%clk 0:00:15]} 40. bxc3 {[%clk 0:00:07]} Rxc3
{[%clk 0:00:16]} 41. Ke2 {[%clk 0:00:06]} Bc5 {[%clk 0:00:12]} 42. Ng4+
{[%clk 0:00:04]} Kf5 {[%clk 0:00:13]} 43. h3 {[%clk 0:00:05]} Rxg3
{[%clk 0:00:08]} 44. Ra5 {[%clk 0:00:06]} Rxh3 {[%clk 0:00:05]} 45. Nf2
{[%clk 0:00:05]} Rxa3 {[%clk 0:00:06]} 46. Rxc5+ {[%clk 0:00:06]} Kg6
{[%clk 0:00:06]} 47. Nd3 {[%clk 0:00:06]} Ra7 {[%clk 0:00:07]} 48. Nf4+
{[%clk 0:00:07]} Kf7 {[%clk 0:00:08]} 49. Kf3 {[%clk 0:00:08]} g5
{[%clk 0:00:09]} 50. Ng2 {[%clk 0:00:08]} Kg6 {[%clk 0:00:10]} 51. Ne3
{[%clk 0:00:08]} h5 {[%clk 0:00:10]} 52. Rc6 {[%clk 0:00:08]} Ra3
{[%clk 0:00:11]} 53. Ke4 {[%clk 0:00:08]} Ra4+ {[%clk 0:00:13]} 54. Kf3
{[%clk 0:00:09]} Rf4+ {[%clk 0:00:14]} 55. Kg2 {[%clk 0:00:10]} Rd4
{[%clk 0:00:14]} 56. Kf3 {[%clk 0:00:07]} h4 {[%clk 0:00:15]} 57. Nc4
{[%clk 0:00:05]} Rf4+ {[%clk 0:00:13]} 58. Kg2 {[%clk 0:00:06]} g4
{[%clk 0:00:13]} 59. Nd2 {[%clk 0:00:06]} Ra4 {[%clk 0:00:12]} 60. Nf1
{[%clk 0:00:07]} Ra2+ {[%clk 0:00:12]} 61. Kg1 {[%clk 0:00:08]} Kg5
{[%clk 0:00:13]} 62. Rc5+ {[%clk 0:00:09]} Kf4 {[%clk 0:00:12]} 63. Rc4+
{[%clk 0:00:10]} Kg5 {[%clk 0:00:13]} 64. Rc5+ {[%clk 0:00:11]} Kg6
{[%clk 0:00:13]} 65. Ne3 {[%clk 0:00:12]} Ra4 {[%clk 0:00:14]} 66. Kg2
{[%clk 0:00:11]} Re4 {[%clk 0:00:14]} 67. Kf2 {[%clk 0:00:12]} Rf4+
{[%clk 0:00:14]} 68. Kg2 {[%clk 0:00:13]} h3+ {[%clk 0:00:15]} 69. Kg1
{[%clk 0:00:06]} f5 {[%clk 0:00:15]} 70. Nf1 {[%clk 0:00:06]} Rf3
{[%clk 0:00:15]} 71. Rc8 {[%clk 0:00:06]} Kg5 {[%clk 0:00:16]} 72. Rc4
{[%clk 0:00:07]} Ra3 {[%clk 0:00:16]} 73. Rc5 {[%clk 0:00:06]} Ra1
{[%clk 0:00:17]} 74. Kf2 {[%clk 0:00:07]} Ra2+ {[%clk 0:00:18]} 75. Kg1
{[%clk 0:00:07]} Rg2+ {[%clk 0:00:16]} 76. Kh1 {[%clk 0:00:09]} Rf2
{[%clk 0:00:17]} 77. Kg1 {[%clk 0:00:09]} Rf3 {[%clk 0:00:18]} 78. Nd2
{[%clk 0:00:06]} Rd3 {[%clk 0:00:17]} 79. Nf1 {[%clk 0:00:05]} g3
{[%clk 0:00:17]} 80. Rc8 {[%clk 0:00:04]} f4 {[%clk 0:00:16]} 81. Rg8+
{[%clk 0:00:05]} Kf5 {[%clk 0:00:17]} 82. Rh8 {[%clk 0:00:05]} Kg4
{[%clk 0:00:18]} 83. Rg8+ {[%clk 0:00:05]} Kf3 {[%clk 0:00:19]} 84. Ra8
{[%clk 0:00:04]} Rd1 {[%clk 0:00:17]} 85. Ra3+ {[%clk 0:00:05]} Kg4
{[%clk 0:00:18]} 86. Ra8 {[%clk 0:00:04]} h2+ {[%clk 0:00:17]} 87. Kg2
{[%clk 0:00:03]} f3+ {[%clk 0:00:19]} 0-1

[Event "Blitz 2018"]
[Site "Saint-Petersburg"]
[Date "2018.12.30"]
[Round "14"]
[Board "57"]
[White "Oganian Miran (RUS)"]
[Black "Frolyanov Dmitry (RUS)"]
[Result "0-1"]
[LiveChessVersion "1.4.8"]
[BlackElo "2557"]
[WhiteElo "2326"]

1. d4 {[%clk 0:03:03]} d5 {[%clk 0:03:03]} 2. c4 {[%clk 0:03:04]} e6
{[%clk 0:03:04]} 3. Nf3 {[%clk 0:03:06]} Nf6 {[%clk 0:03:06]} 4. g3
{[%clk 0:03:07]} dxc4 {[%clk 0:03:06]} 5. Bg2 {[%clk 0:03:08]} Nc6
{[%clk 0:03:07]} 6. Qa4 {[%clk 0:03:08]} Bb4+ {[%clk 0:03:07]} 7. Bd2
{[%clk 0:03:09]} Nd5 {[%clk 0:03:08]} 8. Bxb4 {[%clk 0:02:56]} Ndxb4
{[%clk 0:03:09]} 9. O-O {[%clk 0:02:52]} Rb8 {[%clk 0:03:09]} 10. Ne5
{[%clk 0:02:14]} O-O {[%clk 0:02:03]} 11. Nxc6 {[%clk 0:02:06]} Nxc6
{[%clk 0:02:01]} 12. Bxc6 {[%clk 0:01:51]} bxc6 {[%clk 0:02:02]} 13. Qxc4
{[%clk 0:01:47]} Rxb2 {[%clk 0:02:03]} 14. Nc3 {[%clk 0:01:45]} Qd6
{[%clk 0:01:51]} 15. Rfd1 {[%clk 0:01:17]} e5 {[%clk 0:01:41]} 16. Rac1
{[%clk 0:00:19]} Be6 {[%clk 0:01:28]} 17. Qa4 {[%clk 0:00:20]} exd4
{[%clk 0:01:11]} 18. Rxd4 {[%clk 0:00:20]} Qc5 {[%clk 0:01:07]} 19. Qd1
{[%clk 0:00:10]} Qe7 {[%clk 0:00:59]} 20. a4 {[%clk 0:00:06]} h6 {[%clk 0:00:58]}
21. Ne4 {[%clk 0:00:04]} Bd5 {[%clk 0:00:49]} 22. Nc3 {[%clk 0:00:06]} Bb3
{[%clk 0:00:45]} 23. Qd3 {[%clk 0:00:06]} c5 {[%clk 0:00:34]} 24. Re4
{[%clk 0:00:07]} Qg5 {[%clk 0:00:32]} 25. Rf4 {[%clk 0:00:06]} c4
{[%clk 0:00:30]} 26. Qe3 {[%clk 0:00:06]} Qg6 {[%clk 0:00:27]} 27. Nd5
{[%clk 0:00:05]} Kh7 {[%clk 0:00:25]} 28. Ne7 {[%clk 0:00:04]} Qd6
{[%clk 0:00:09]} 29. Qe4+ {[%clk 0:00:05]} Kh8 {[%clk 0:00:09]} 30. Nf5
{[%clk 0:00:06]} Qd2 {[%clk 0:00:10]} 31. Rf1 {[%clk 0:00:05]} Qxe2
{[%clk 0:00:09]} 32. Qd4 {[%clk 0:00:07]} f6 {[%clk 0:00:08]} 33. Rh4
{[%clk 0:00:06]} Qd2 {[%clk 0:00:05]} 34. Qc5 {[%clk 0:00:05]} Qd8
{[%clk 0:00:03]} 35. Ne7 {[%clk 0:00:04]} Bc2 {[%clk 0:00:03]} 36. Rg4
{[%clk 0:00:03]} Bh7 {[%clk 0:00:03]} 37. Rf4 {[%clk 0:00:04]} Re2
{[%clk 0:00:03]} 38. Nc6 {[%clk 0:00:05]} Qd6 {[%clk 0:00:04]} 39. Qxc4
{[%clk 0:00:06]} Rc2 {[%clk 0:00:05]} 40. Qb5 {[%clk 0:00:03]} Qxc6
{[%clk 0:00:06]} 41. Qb4 {[%clk 0:00:04]} Qc5 {[%clk 0:00:07]} 42. Qb7
{[%clk 0:00:05]} Qc6 {[%clk 0:00:08]} 43. Qb4 {[%clk 0:00:06]} Qd6
{[%clk 0:00:09]} 44. Qb3 {[%clk 0:00:06]} Rd2 {[%clk 0:00:10]} 45. h4
{[%clk 0:00:06]} Rd3 {[%clk 0:00:11]} 46. Qb5 {[%clk 0:00:06]} Rd1
{[%clk 0:00:12]} 47. Kh2 {[%clk 0:00:07]} Rxf1 {[%clk 0:00:13]} 48. Qxf1
{[%clk 0:00:08]} Rd8 {[%clk 0:00:14]} 49. Qc4 {[%clk 0:00:09]} c5
{[%clk 0:00:14]} 50. Qf7 {[%clk 0:00:08]} Qd5 {[%clk 0:00:15]} 51. Qxa7
{[%clk 0:00:07]} c4 {[%clk 0:00:13]} 52. Qe7 {[%clk 0:00:08]} c3 {[%clk 0:00:14]}
53. Qc7 {[%clk 0:00:06]} Qd2 {[%clk 0:00:13]} 54. Rg4 {[%clk 0:00:06]} Rg8
{[%clk 0:00:14]} 55. Kg2 {[%clk 0:00:04]} c2 {[%clk 0:00:14]} 56. Rc4
{[%clk 0:00:05]} Bd3 {[%clk 0:00:14]} 57. Rc3 {[%clk 0:00:04]} Qd1
{[%clk 0:00:15]} 58. Qc5 {[%clk 0:00:03]} Be4+ {[%clk 0:00:15]} 59. Kh3
{[%clk 0:00:04]} Qh1+ {[%clk 0:00:15]} 60. Kg4 {[%clk 0:00:05]} f5+
{[%clk 0:00:15]} 61. Kf4 {[%clk 0:00:05]} Qc1+ {[%clk 0:00:15]} 62. Ke5
{[%clk 0:00:06]} Re8+ {[%clk 0:00:15]} 63. Kd6 {[%clk 0:00:06]} Qd2+
{[%clk 0:00:16]} 64. Kc7 {[%clk 0:00:05]} Qd8# {[%clk 0:00:16]} 0-1

[Event "Blitz 2018"]
[Site "Saint-Petersburg"]
[Date "2018.12.30"]
[Round "14"]
[Board "58"]
[White "Jumabayev Rinat (KAZ)"]
[Black "Carlsson Pontus (SWE)"]
[Result "1-0"]
[LiveChessVersion "1.4.8"]
[BlackElo "2511"]
[WhiteElo "2554"]

1. e4 {[%clk 0:03:04]} c5 {[%clk 0:03:03]} 2. Nf3 {[%clk 0:03:05]} d6
{[%clk 0:03:05]} 3. Nc3 {[%clk 0:03:06]} a6 {[%clk 0:03:04]} 4. g3
{[%clk 0:03:07]} Nc6 {[%clk 0:02:58]} 5. Bg2 {[%clk 0:03:08]} g6 {[%clk 0:02:59]}
6. d4 {[%clk 0:02:53]} cxd4 {[%clk 0:03:00]} 7. Nxd4 {[%clk 0:02:54]} Bg7
{[%clk 0:03:00]} 8. Be3 {[%clk 0:02:52]} Ne5 {[%clk 0:02:10]} 9. O-O
{[%clk 0:02:42]} Nf6 {[%clk 0:02:05]} 10. h3 {[%clk 0:02:43]} O-O
{[%clk 0:01:54]} 11. Qe2 {[%clk 0:02:44]} Bd7 {[%clk 0:01:52]} 12. Rad1
{[%clk 0:02:46]} Qc8 {[%clk 0:01:46]} 13. Kh2 {[%clk 0:02:46]} Nc4
{[%clk 0:01:41]} 14. Bc1 {[%clk 0:02:47]} e5 {[%clk 0:00:56]} 15. Nb3
{[%clk 0:02:46]} h6 {[%clk 0:00:50]} 16. Nd2 {[%clk 0:02:25]} Nb6
{[%clk 0:00:44]} 17. Rfe1 {[%clk 0:02:17]} Be6 {[%clk 0:00:41]} 18. Nf1
{[%clk 0:02:17]} Qc7 {[%clk 0:00:41]} 19. Ne3 {[%clk 0:02:17]} Rac8
{[%clk 0:00:41]} 20. Rd3 {[%clk 0:02:02]} Nc4 {[%clk 0:00:38]} 21. Red1
{[%clk 0:01:42]} b5 {[%clk 0:00:37]} 22. Ncd5 {[%clk 0:01:11]} Nxd5
{[%clk 0:00:36]} 23. Nxd5 {[%clk 0:01:12]} Qb7 {[%clk 0:00:25]} 24. b3
{[%clk 0:01:11]} Na5 {[%clk 0:00:23]} 25. Ba3 {[%clk 0:01:13]} Rfd8
{[%clk 0:00:23]} 26. Qd2 {[%clk 0:01:06]} Nc6 {[%clk 0:00:22]} 27. c3
{[%clk 0:01:08]} a5 {[%clk 0:00:23]} 28. Qe1 {[%clk 0:00:51]} Qa7
{[%clk 0:00:21]} 29. Bc1 {[%clk 0:00:45]} b4 {[%clk 0:00:17]} 30. Be3
{[%clk 0:00:46]} Qb8 {[%clk 0:00:16]} 31. Nb6 {[%clk 0:00:41]} Rc7
{[%clk 0:00:14]} 32. Rxd6 {[%clk 0:00:37]} Rxd6 {[%clk 0:00:13]} 33. Rxd6
{[%clk 0:00:38]} bxc3 {[%clk 0:00:13]} 34. Qxc3 {[%clk 0:00:39]} Nd4
{[%clk 0:00:13]} 35. Qxa5 {[%clk 0:00:40]} Rc2 {[%clk 0:00:10]} 36. Nc4
{[%clk 0:00:34]} Kh7 {[%clk 0:00:08]} 37. Rd8 {[%clk 0:00:31]} Qb7
{[%clk 0:00:09]} 38. Nxe5 {[%clk 0:00:27]} Nc6 {[%clk 0:00:07]} 39. Nxc6
{[%clk 0:00:28]} Qxc6 {[%clk 0:00:07]} 40. Rd2 {[%clk 0:00:25]} Rc3
{[%clk 0:00:06]} 41. Qb6 {[%clk 0:00:24]} Qxb6 42. Bxb6 Rc1 {[%clk 0:00:06]} 43.
f4 {[%clk 0:00:21]} h5 {[%clk 0:00:07]} 44. e5 {[%clk 0:00:21]} h4
{[%clk 0:00:07]} 45. gxh4 {[%clk 0:00:22]} Bh6 {[%clk 0:00:07]} 46. Kg3
{[%clk 0:00:22]} Rc3+ {[%clk 0:00:08]} 47. Bf3 {[%clk 0:00:23]} Bxh3
{[%clk 0:00:08]} 48. Bd4 {[%clk 0:00:24]} 1-0

[Event "Blitz 2018"]
[Site "Saint-Petersburg"]
[Date "2018.12.30"]
[Round "14"]
[Board "59"]
[White "Tsoi Dmitry (RUS)"]
[Black "Kazhgaleyev Murtas (KAZ)"]
[Result "1/2-1/2"]
[LiveChessVersion "1.4.8"]
[BlackElo "2553"]
[WhiteElo "2387"]

1. e4 {[%clk 0:03:03]} e5 {[%clk 0:03:03]} 2. Bc4 {[%clk 0:03:02]} Nf6
{[%clk 0:02:58]} 3. d3 {[%clk 0:03:03]} Be7 {[%clk 0:02:55]} 4. Nc3
{[%clk 0:03:01]} O-O {[%clk 0:02:54]} 5. f4 {[%clk 0:03:02]} exf4
{[%clk 0:02:43]} 6. Nf3 {[%clk 0:02:54]} c6 {[%clk 0:02:41]} 7. e5
{[%clk 0:02:47]} Ng4 {[%clk 0:02:40]} 8. Bxf4 {[%clk 0:02:43]} d6
{[%clk 0:02:40]} 9. Qe2 {[%clk 0:02:07]} dxe5 {[%clk 0:02:34]} 10. Nxe5
{[%clk 0:02:07]} Nxe5 {[%clk 0:02:34]} 11. Bxe5 {[%clk 0:02:08]} Nd7
{[%clk 0:02:32]} 12. O-O {[%clk 0:01:55]} Nxe5 {[%clk 0:02:21]} 13. Qxe5
{[%clk 0:01:56]} Bf6 {[%clk 0:02:22]} 14. Rxf6 {[%clk 0:01:52]} Qxf6
{[%clk 0:02:19]} 15. Qxf6 {[%clk 0:01:53]} gxf6 {[%clk 0:02:20]} 16. Ne4
{[%clk 0:01:43]} f5 {[%clk 0:02:20]} 17. Nd6 {[%clk 0:01:28]} Kg7
{[%clk 0:02:12]} 18. a4 {[%clk 0:01:20]} Kf6 {[%clk 0:02:00]} 19. Re1
{[%clk 0:01:03]} Be6 {[%clk 0:01:51]} 20. Bxe6 {[%clk 0:00:46]} fxe6
{[%clk 0:01:51]} 21. Nxb7 {[%clk 0:00:47]} Rae8 {[%clk 0:01:33]} 22. Nc5
{[%clk 0:00:48]} Re7 {[%clk 0:01:30]} 23. d4 {[%clk 0:00:49]} Rd8
{[%clk 0:01:27]} 24. Rd1 {[%clk 0:00:38]} Kg7 {[%clk 0:01:15]} 25. c3
{[%clk 0:00:29]} e5 {[%clk 0:01:14]} 26. Re1 {[%clk 0:00:30]} Kf6
{[%clk 0:01:12]} 27. Nb3 {[%clk 0:00:27]} e4 {[%clk 0:00:58]} 28. Nc5
{[%clk 0:00:26]} e3 {[%clk 0:00:51]} 29. g3 {[%clk 0:00:24]} f4 {[%clk 0:00:52]}
30. Kg2 {[%clk 0:00:23]} Kg5 {[%clk 0:00:52]} 31. Nd3 {[%clk 0:00:20]} fxg3
{[%clk 0:00:52]} 32. hxg3 {[%clk 0:00:21]} Rf8 {[%clk 0:00:51]} 33. b4
{[%clk 0:00:14]} h5 {[%clk 0:00:51]} 34. Ne5 {[%clk 0:00:14]} Rf2+
{[%clk 0:00:50]} 35. Kg1 {[%clk 0:00:11]} Rc2 {[%clk 0:00:48]} 36. Rxe3
{[%clk 0:00:12]} Kf5 {[%clk 0:00:46]} 37. Nc4 {[%clk 0:00:05]} Rc1+
{[%clk 0:00:39]} 38. Kf2 {[%clk 0:00:07]} Rxe3 {[%clk 0:00:40]} 39. Nxe3+
{[%clk 0:00:07]} Ke4 {[%clk 0:00:41]} 40. Nc4 {[%clk 0:00:04]} Rxc3
{[%clk 0:00:39]} 41. Nd6+ {[%clk 0:00:05]} Kxd4 42. b5 Kd5 {[%clk 0:00:35]} 43.
Nf5 {[%clk 0:00:03]} cxb5 {[%clk 0:00:35]} 44. axb5 {[%clk 0:00:05]} Rb3
{[%clk 0:00:35]} 45. Ng7 {[%clk 0:00:06]} Rxb5 {[%clk 0:00:36]} 46. Nxh5
{[%clk 0:00:07]} a5 {[%clk 0:00:37]} 47. Nf4+ {[%clk 0:00:09]} Kc4
{[%clk 0:00:38]} 48. Ke2 {[%clk 0:00:06]} a4 {[%clk 0:00:39]} 1/2-1/2

[Event "Blitz 2018"]
[Site "Saint-Petersburg"]
[Date "2018.12.30"]
[Round "14"]
[Board "60"]
[White "Bocharov Ivan (RUS)"]
[Black "Vastrukhin Oleg (RUS)"]
[Result "1-0"]
[LiveChessVersion "1.4.8"]
[BlackElo "2488"]
[WhiteElo "2715"]

1. e4 {[%clk 0:03:04]} e6 {[%clk 0:03:03]} 2. d4 {[%clk 0:03:05]} d5
{[%clk 0:03:04]} 3. Nd2 {[%clk 0:03:07]} a6 {[%clk 0:03:04]} 4. Ngf3
{[%clk 0:03:03]} Bd7 {[%clk 0:03:06]} 5. c4 {[%clk 0:02:57]} dxe4
{[%clk 0:02:51]} 6. Nxe4 {[%clk 0:02:57]} Bc6 {[%clk 0:02:47]} 7. Bd3
{[%clk 0:02:57]} Nf6 {[%clk 0:02:45]} 8. Nxf6+ {[%clk 0:02:21]} Qxf6
{[%clk 0:02:43]} 9. d5 {[%clk 0:02:11]} Bb4+ {[%clk 0:02:21]} 10. Bd2
{[%clk 0:02:13]} Bxd2+ {[%clk 0:02:22]} 11. Qxd2 {[%clk 0:02:14]} exd5
{[%clk 0:02:23]} 12. O-O {[%clk 0:02:15]} O-O {[%clk 0:02:19]} 13. cxd5
{[%clk 0:02:16]} Bxd5 {[%clk 0:02:08]} 14. Bxh7+ {[%clk 0:02:17]} Kxh7
{[%clk 0:02:09]} 15. Qxd5 {[%clk 0:02:18]} Nc6 {[%clk 0:02:07]} 16. Qb3
{[%clk 0:02:05]} Rab8 {[%clk 0:01:59]} 17. Rfe1 {[%clk 0:02:04]} Kg8
{[%clk 0:02:00]} 18. Re4 {[%clk 0:01:54]} Rfd8 {[%clk 0:01:45]} 19. Rae1
{[%clk 0:01:54]} g6 {[%clk 0:01:41]} 20. h4 {[%clk 0:01:55]} Nd4 {[%clk 0:01:33]}
21. Nxd4 {[%clk 0:01:42]} Rxd4 {[%clk 0:01:34]} 22. h5 {[%clk 0:01:39]} Rxe4
{[%clk 0:01:21]} 23. Rxe4 {[%clk 0:01:39]} gxh5 {[%clk 0:01:20]} 24. Qg3+
{[%clk 0:01:38]} Qg6 {[%clk 0:01:18]} 25. Qh4 {[%clk 0:01:27]} f6
{[%clk 0:00:51]} 26. Re3 {[%clk 0:01:29]} Qf5 {[%clk 0:00:36]} 27. Rf3
{[%clk 0:01:25]} Qe5 {[%clk 0:00:20]} 28. Rxf6 {[%clk 0:01:25]} Rd8
{[%clk 0:00:19]} 29. f4 {[%clk 0:01:16]} Rd1+ {[%clk 0:00:12]} 30. Kh2
{[%clk 0:01:17]} Qc5 {[%clk 0:00:10]} 31. Qg3+ {[%clk 0:01:08]} Kh8
{[%clk 0:00:04]} 32. Rh6# {[%clk 0:01:09]} 1-0

[Event "Blitz 2018"]
[Site "Saint-Petersburg"]
[Date "2018.12.30"]
[Round "14"]
[Board "61"]
[White "Rechlis Gad (ISR)"]
[Black "Ragger Markus (AUT)"]
[Result "1/2-1/2"]
[LiveChessVersion "1.4.8"]
[BlackElo "2677"]
[WhiteElo "2500"]

1. e4 {[%clk 0:03:02]} e5 {[%clk 0:03:03]} 2. Nf3 {[%clk 0:03:03]} Nc6
{[%clk 0:03:04]} 3. Bb5 {[%clk 0:03:04]} a6 {[%clk 0:03:06]} 4. Ba4
{[%clk 0:03:06]} Nf6 {[%clk 0:03:06]} 5. O-O {[%clk 0:03:07]} Nxe4
{[%clk 0:03:07]} 6. d4 {[%clk 0:03:04]} Be7 {[%clk 0:03:07]} 7. Re1
{[%clk 0:02:48]} b5 {[%clk 0:03:08]} 8. Bb3 {[%clk 0:02:49]} d5 {[%clk 0:03:09]}
9. dxe5 {[%clk 0:02:50]} Be6 {[%clk 0:03:10]} 10. Nbd2 {[%clk 0:02:50]} Nc5
{[%clk 0:03:02]} 11. Nf1 {[%clk 0:02:30]} O-O {[%clk 0:02:59]} 12. c3
{[%clk 0:02:25]} Nxb3 {[%clk 0:02:40]} 13. axb3 {[%clk 0:02:26]} d4
{[%clk 0:02:40]} 14. cxd4 {[%clk 0:02:19]} Nb4 {[%clk 0:02:40]} 15. Ng3
{[%clk 0:02:01]} Qd5 {[%clk 0:02:33]} 16. Bd2 {[%clk 0:01:59]} Qxb3
{[%clk 0:02:25]} 17. Nf5 {[%clk 0:01:59]} Nc6 {[%clk 0:02:15]} 18. Qxb3
{[%clk 0:01:56]} Bxb3 {[%clk 0:02:15]} 19. Rec1 {[%clk 0:01:53]} Be6
{[%clk 0:02:01]} 20. Nxg7 {[%clk 0:01:33]} Nxe5 {[%clk 0:01:23]} 21. Nxe6
{[%clk 0:01:07]} Nxf3+ {[%clk 0:01:24]} 22. gxf3 {[%clk 0:01:08]} fxe6
{[%clk 0:01:25]} 23. Rxc7 {[%clk 0:01:09]} Bf6 {[%clk 0:01:17]} 24. Be3
{[%clk 0:01:05]} a5 {[%clk 0:01:17]} 25. Rb7 {[%clk 0:00:58]} b4 {[%clk 0:01:00]}
26. Kf1 {[%clk 0:00:50]} Rfd8 {[%clk 0:00:50]} 27. Ke2 {[%clk 0:00:41]} Bxd4
{[%clk 0:00:50]} 28. Rg1+ {[%clk 0:00:42]} Kh8 {[%clk 0:00:45]} 29. Bxd4+
{[%clk 0:00:38]} Rxd4 {[%clk 0:00:46]} 30. Rgg7 {[%clk 0:00:40]} Rh4
{[%clk 0:00:47]} 31. Rge7 {[%clk 0:00:35]} a4 {[%clk 0:00:45]} 32. Ra7
{[%clk 0:00:26]} Rxa7 {[%clk 0:00:44]} 33. Rxa7 {[%clk 0:00:27]} a3
{[%clk 0:00:30]} 34. bxa3 {[%clk 0:00:28]} bxa3 {[%clk 0:00:31]} 35. Rxa3
{[%clk 0:00:26]} Rxh2 {[%clk 0:00:32]} 36. Ra7 {[%clk 0:00:24]} Rh6
{[%clk 0:00:28]} 37. Ke3 {[%clk 0:00:25]} Rg6 {[%clk 0:00:19]} 38. Ke4
{[%clk 0:00:25]} h5 {[%clk 0:00:20]} 39. Kf4 {[%clk 0:00:12]} h4 {[%clk 0:00:16]}
40. Ra1 {[%clk 0:00:11]} Kg7 {[%clk 0:00:05]} 41. Rh1 {[%clk 0:00:11]} Rh6
{[%clk 0:00:06]} 42. Kg4 {[%clk 0:00:12]} Rg6+ {[%clk 0:00:07]} 43. Kf4
{[%clk 0:00:14]} Rf6+ {[%clk 0:00:08]} 44. Kg4 {[%clk 0:00:13]} Rg6+
{[%clk 0:00:07]} 45. Kf4 {[%clk 0:00:13]} Rf6+ {[%clk 0:00:08]} 46. Kg4 1/2-1/2